Roman Territories and Capitals - Statistics

General Stats
  • This quiz has been taken 9 times
  • The average score is 7 of 44
Answer Stats
Hint Answer % Correct
Egypt Alexandria
78%
Brittania Londinium
78%
Mesopotamia Babylon
44%
Africa Carthage
44%
Gallia Lugdunensis Lugdunum
44%
Italia Rome
44%
Narbonensis Narbo
33%
Sicilia Syracuse
33%
Mauretania Tingitana Tingi
33%
Aquitania Burdigala
22%
Mauretania Caesariensis Caesarea
22%
Judaea Caesarea
22%
Germania Inferior Colonia Agrippina
22%
Tarraconensis Tarraco
22%
Syria Antiochia
11%
Armenia Artaxata
11%
Alpes Poeninae Axima
11%
Arabia Bostra
11%
Cappadocia Caesarea
11%
Alpes Maritimae Cemenelum
11%
Baetica Corduba
11%
Cyrenaica Cyrene
11%
Belgica Durocortorum
11%
Lusitania Emerila Augusta
11%
Germania Superior Moguntiacum
11%
Lycia and Pamphylia Myra
11%
Alpes Cottiae Segusia
11%
Corsica Aleria
0%
Bithynia and Pontus Amastris
0%
Galatia Ancyra
0%
Pannonia Aquincum
0%
Raetia Augusta
0%
Sardinia Carales
0%
Assyria Clesiphon
0%
Achara Corinth
0%
Creta Gortyn
0%
Asia Pergamum
0%
Thracia Perinthus
0%
Dalmatia Salonae
0%
Dacia Sarmizegetusa
0%
Cilicia Tarus
0%
Macedonia Thessalonica
0%
Moesia Superior Virminacium
0%
Noricum Virunum
0%
No matching quizzes found
Score Distribution
Percent of People with Each Score
Percentile by Number Answered
Your Score History
You have not taken this quiz